Теория механизмов и машин: учебное пособие

Podrobná bibliografie
Hlavní autor: Артоболевский И. И. Иван Иванович
Jazyk:ruština
Vydáno: Москва, Наука, 1988
Vydání:4-е изд., перераб. и доп.
Témata:
Médium: Kniha
KOHA link:https://koha.lib.tpu.ru/cgi-bin/koha/opac-detail.pl?biblionumber=33905

MARC

LEADER 00000nam0a2200000 4500
001 33905
005 20231101210210.0
010 |a 502013810X 
035 |a (RuTPU)RU\TPU\book\34276 
035 |a BOOK00000927 
090 |a 33905 
100 |a 20011210d1988 m y0rusy50 ca 
101 0 |a rus 
102 |a RU 
105 |a y j 000zy 
200 1 |a Теория механизмов и машин  |e учебное пособие  |f И. И. Артоболевский 
205 |a 4-е изд., перераб. и доп. 
210 |a Москва  |c Наука  |d 1988 
215 |a 640 с. 
451 1 |0 (RuTPU)RU\TPU\book\166907  |y 978-5-903034-50-5  |t Теория механизмов и машин  |o учебник  |f И. И. Артоболевский  |e 5-е изд., стер.  |c Москва  |n Альянс  |d 2008  |p 640 с.  |a Артоболевский, Иван Иванович 
451 1 |0 (RuTPU)RU\TPU\book\34275  |t Теория механизмов и машин  |o учебник для вузов  |f И. И. Артоболевский  |e 3-е изд., перераб. и доп.  |c Москва  |n Наука  |d 1975  |p 639 с.  |a Артоболевский, Иван Иванович 
606 1 |a Механизмы и машины  |x Теория  |2 stltpush  |3 (RuTPU)RU\TPU\subj\64695  |9 81456 
610 1 |a механизмы 
610 1 |a машины 
610 1 |a теория 
610 1 |a учебные пособия 
610 1 |a прикладная механика 
675 |a 621.01(075.8)  |v 3 
700 1 |a Артоболевский  |b И. И.  |c специалист в области теории машин и механизмов  |c академик АН СССР, Герой Социалистического Труда  |f 1905-1977  |g Иван Иванович  |2 stltpush  |3 (RuTPU)RU\TPU\pers\15331  |9 5277 
801 0 |a RU  |b 63413507  |c 20011210  |g PSBO 
801 2 |a RU  |b 63413507  |c 20220830  |g PSBO 
900 |a Прикладная механика 
900 |a Теория машин и механизмов и детали машин 
900 |a Основы инженерного проектирования 
900 |a Механика 
942 |c BK